Nguyễn Huy Tưởng-về tác gia và tác phẩm

Giới thiệu cuộc đời và sự nghiệp của nhà văn, nhà viết kịch Nguyễn Huy Tưởng. Phân tích nội dung, tư tưởng cũng như thi pháp trong sáng tác văn xuôi, kịch Nguyễn Huy Tưởng nói chung và một số tác phẩm tiêu biểu

שמור ב:
מידע ביבליוגרפי
מחברים אחרים: Phan Trọng Thưởng (Tác giả), Phong Lê (Tác giả), Phan Cự Đệ (Tác giả)
פורמט: ספר
שפה:Vietnamese
יצא לאור: H. Giáo dục 2000
נושאים:
תגים: הוספת תג
אין תגיות, היה/י הראשונ/ה לתייג את הרשומה!
Thư viện lưu trữ: Mạng thư viện Đại học Đà Nẵng
LEADER 01658nam a2200397 4500
001 000004199
003 330
005 20121211001202.0
008 110718s2000 viesd
020 |c 60000 
041 0 |a vie 
082 |a 895.9223  |b NG-T 
245 0 |a Nguyễn Huy Tưởng-về tác gia và tác phẩm  |c Bích Thu, Tôn Thảo Miên tuyển chọn và giới thiệu Hà Minh Đức, Phan Trọng Thưởng, Phong Lê... 
260 |a H.  |b Giáo dục  |c 2000 
300 |a 703 tr : ảnh  |c 24 cm 
500 |a Thư mục: tr. 683-697 
520 |a Giới thiệu cuộc đời và sự nghiệp của nhà văn, nhà viết kịch Nguyễn Huy Tưởng. Phân tích nội dung, tư tưởng cũng như thi pháp trong sáng tác văn xuôi, kịch Nguyễn Huy Tưởng nói chung và một số tác phẩm tiêu biểu 
653 |a Văn học Việt Nam 
653 |a Nguyễn Huy Tưởng, 1912 - 1960 
653 |a Sáng tác văn học 
653 |a Văn xuôi 
653 |a Kịch 
700 |a Phan Trọng Thưởng  |e Tác giả 
700 |a Phong Lê  |e Tác giả 
700 |a Phan Cự Đệ  |e Tác giả 
910 |a Nguyễn Thị Kim Oanh  |d 18/ 07/ 2011 
OWN |a LSP 
AVA |a UDN50  |b LSP  |d 895.9223 NG-T  |e available  |t Error 5001 Not defined in file expand_doc_bib_avail.  |f 9  |g 0  |h N  |i 0  |k 1 
999 |a From the UDN01 
AVA |a UDN50  |b LSP  |d 895.9223 NG-T  |e available  |t Error 5001 Not defined in file expand_doc_bib_avail.  |f 9  |g 0  |h N  |i 0  |k 1 
TYP |a Monograph 
TYP |a Printed language 
980 |a Mạng thư viện Đại học Đà Nẵng